| 000 | 00763nam a2200229 a 4500 | ||
|---|---|---|---|
| 001 | 40192 | ||
| 003 | BD-RjUL | ||
| 005 | 20211209053146.0 | ||
| 008 | 160424s1973 bg ||||| |||| 00| 0 ben d | ||
| 020 | _c: TK. 5.00 | ||
| 035 | _a(BD-RjUL)40307 | ||
| 040 |
_aBD-RjUL _bben _cBD-RjUL |
||
| 041 | _aben | ||
| 082 |
_223 _a294.548 _bISS 1973 |
||
| 100 |
_aইসলাম, মাহমুদা _9123766 |
||
| 245 |
_aসমাজ ও ধর্ম / _c মাহমুদা ইসলাম |
||
| 260 |
_aঢাকা : _bবাংলা একাডেমী, _c১৯৭৩ |
||
| 300 |
_aviii, ১০৩ পৃ. ; _c২১ সেমি. |
||
| 650 |
_aধর্মীয় নৈতিকতা _9123767 |
||
| 650 |
_aReligious Ethics _9123768 |
||
| 942 |
_2ddc _cBK |
||
| 999 |
_c40192 _d40192 |
||